Monheim's Local Anesthesia and Pain control in dental practice (Record no. 26886)
[ view plain ]
| 000 -LEADER | |
|---|---|
| fixed length control field | 00398nam a22001577a 4500 |
| 003 - CONTROL NUMBER IDENTIFIER | |
| control field | SGT |
| 020 ## - INTERNATIONAL STANDARD BOOK NUMBER | |
| International Standard Book Number | 9789367085824 |
| 082 ## - DEWEY DECIMAL CLASSIFICATION NUMBER | |
| Classification number | 617.966 |
| Item number | M90B |
| 100 ## - MAIN ENTRY--PERSONAL NAME | |
| Personal name | Bennett, C. Richard |
| 245 ## - TITLE STATEMENT | |
| Title | Monheim's Local Anesthesia and Pain control in dental practice |
| 250 ## - EDITION STATEMENT | |
| Edition statement | 7th |
| 260 ## - PUBLICATION, DISTRIBUTION, ETC. (IMPRINT) | |
| Name of publisher, distributor, etc | C.B.S. Publishers & Distributors |
| Year of Publication | 1990 |
| 300 ## - PAGE DESCRIPTION | |
| No. of Pages | 404 |
| 650 ## - SUBJECT ADDED ENTRY--TOPICAL TERM | |
| Topical term or geographic name as entry element | Oral Surgery |
| 942 ## - ADDED ENTRY ELEMENTS (KOHA) | |
| Source of classification or shelving scheme | Dewey Decimal Classification |
| Koha item type | Books |
| 942 ## - ADDED ENTRY ELEMENTS (KOHA) | |
| -- | 72 |
| Withdrawn status | Lost status | Source of classification or shelving scheme | Damaged status | Not for loan | Home library | Current library | Shelving location | Date acquired | Vendor Name | Cost, normal purchase price | SGTU | Bill Number | Total Checkouts | Full call number | Accession No. (Barcode) | Checked out | Date last seen | Date last borrowed | Bill Date | Koha item type |
|---|---|---|---|---|---|---|---|---|---|---|---|---|---|---|---|---|---|---|---|---|
| Dewey Decimal Classification | SGT Dental Library | SGT Dental Library | Text Book | 07/09/2024 | ABC Publishers & distributors Pvt. Ltd. | 850.00 | SGTU | IN42 | 53 | 617.966 M90B | FD9511 | 12/06/2026 | 29/05/2026 | 29/05/2026 | Books | |||||
| Dewey Decimal Classification | SGT Dental Library | SGT Dental Library | Text Book | 07/09/2024 | ABC Publishers & distributors Pvt. Ltd. | 850.00 | SGTU | IN42 | 61 | 617.966 M90B | FD9512 | 19/05/2026 | 19/05/2026 | Books | ||||||
| Dewey Decimal Classification | SGT Dental Library | SGT Dental Library | Text Book | 07/09/2024 | ABC Publishers & distributors Pvt. Ltd. | 850.00 | SGTU | IN42 | 61 | 617.966 M90B | FD9513 | 12/06/2026 | 29/05/2026 | 29/05/2026 | Books | |||||
| Dewey Decimal Classification | SGT Dental Library | SGT Dental Library | Text Book | 07/09/2024 | ABC Publishers & distributors Pvt. Ltd. | 850.00 | SGTU | IN42 | 32 | 617.966 M90B | FD9514 | 06/11/2025 | 23/10/2025 | 23/10/2025 | Books | |||||
| Dewey Decimal Classification | SGT Dental Library | SGT Dental Library | Text Book | 07/09/2024 | ABC Publishers & distributors Pvt. Ltd. | 850.00 | SGTU | IN42 | 44 | 617.966 M90B | FD9515 | 01/06/2026 | 25/05/2026 | Books |